[Event "Florianopolis op-A 04"]
[Site "Florianopolis"]
[Date "2023.04.28"]
[Round "1"]
[White "Sarda, Pedro Sada"]
[Black "Bassani, Jaison Jose"]
[Result "0-1"]
[WhiteElo "1670"]
[BlackElo "1964"]
[PlyCount "92"]
[EventDate "2023.04.28"]
[EventType "swiss"]
[EventRounds "6"]
[EventCountry "BRA"]
[SourceTitle "CBM 214 Extra"]
[Source "ChessBase"]
[SourceDate "2023.07.31"]
[SourceVersion "1"]
[SourceVersionDate "2023.07.31"]
[SourceQuality "1"]

1. d4 d6 2. Nf3 Nf6 3. c4 g6 4. Nc3 Bg7 5. g3 0-0 6. Bg2 Nc6 7. 0-0 a6 8. a3 Rb8 9. Qd3 e5 10. dxe5 dxe5 11. Bg5 Qxd3 12. exd3 Bf5 13. Rad1 h6 14. Bxf6 Bxf6 15. Nd5 Bd8 16. Rfe1 f6 17. Nh4 Nd4 18. Ne3 Kf7 19. Nexf5 gxf5 20. f4 Re8 21. Bd5+ Kg7 22. Bg2 c5 23. Bh3 Ba5 24. Rf1 exf4 25. gxf4 Re2 26. Rf2 Be1 27. Nxf5+ Kg6 28. Rxe2 Nxe2+ 29. Kf1 Nxf4 30. Rxe1 Nxh3 31. Ne7+ Kg5 32. Re3 Nf4 33. Rg3+ Kh5 34. Kf2 Rd8 35. Kf3 Nxd3 36. Ke4 Rd4+ 37. Kf5 Rf4+ 38. Ke6 Nxb2 39. Nf5 Rg4 40. Rxg4 Kxg4 41. Nxh6+ Kh5 42. Nf7 Nxc4 43. Kxf6 Nxa3 44. Ke5 b5 45. Kd5 c4 46. Nd6 c3 0-1

[Event "Florianopolis Autumn op U2300"]
[Site "Florianopolis"]
[Date "2022.05.14"]
[Round "4"]
[White "Sarda, Pedro Sada"]
[Black "Jenidarchiche, Douglas Rodrigo"]
[Result "1-0"]
[WhiteElo "1656"]
[BlackElo "1824"]
[PlyCount "125"]
[EventDate "2022.05.13"]
[EventType "swiss"]
[EventRounds "6"]
[EventCountry "BRA"]
[SourceTitle "CBM 208 Extra"]
[Source "ChessBase"]
[SourceDate "2022.07.31"]
[SourceVersion "1"]
[SourceVersionDate "2022.07.31"]
[SourceQuality "1"]

1. d4 Nf6 2. Nf3 g6 3. c4 Bg7 4. Nc3 d5 5. e3 0-0 6. cxd5 Nxd5 7. Bc4 Nb6 8. Bb3 c5 9. 0-0 cxd4 10. exd4 Nc6 11. Re1 Bg4 12. Bg5 h6 13. Be3 Na5 14. h3 Nxb3 15. axb3 Be6 16. Qd2 Kh7 17. Ra3 Nd5 18. Rea1 a6 19. Ne4 Nxe3 20. fxe3 Qd5 21. Nc3 Qh5 22. Rf1 Rad8 23. b4 g5 24. Qc2+ Kh8 25. Ra5 f5 26. Ne2 Rc8 27. Rc5 b6 28. Rc3 Rxc3 29. bxc3 Bc4 30. Ng3 Qf7 31. Rf2 g4 32. hxg4 fxg4 33. Nh4 Qxf2+ 34. Qxf2 Rxf2 35. Kxf2 Bf6 36. Nhf5 a5 37. Ke1 a4 38. Kd2 Kh7 39. Ne4 Kg6 40. Nfg3 h5 41. Nxf6 exf6 42. e4 h4 43. Nf5 Kg5 44. Kc2 g3 45. Nxh4 Kxh4 46. d5 a3 47. d6 Be6 48. c4 Kg4 49. c5 bxc5 50. b5 a2 51. Kb2 f5 52. exf5 Kxf5 53. b6 Ke4 54. b7 c4 55. Kxa2 Kd3 56. Kb1 Kd2 57. b8Q Bf5+ 58. Ka1 c3 59. Qb4 Bd7 60. Qd4+ Kc2 61. Qe4+ Kd2 62. Kb1 Bb5 63. Qc2+ 1-0

[Event "Florianopolis op 8th"]
[Site "Florianopolis"]
[Date "2022.01.25"]
[Round "2"]
[White "Sarda, Pedro Sada"]
[Black "Kim, Andre"]
[Result "1-0"]
[WhiteElo "1689"]
[BlackElo "1104"]
[PlyCount "89"]
[EventDate "2022.01.24"]
[EventType "swiss"]
[EventRounds "10"]
[EventCountry "BRA"]
[SourceTitle "EXT 2023"]
[Source "ChessBase"]
[SourceDate "2022.10.05"]
[SourceVersion "1"]
[SourceVersionDate "2022.10.05"]
[SourceQuality "1"]

1. e4 e5 2. Nf3 Nc6 3. Bc4 Bc5 4. b4 Bxb4 5. c3 Be7 6. d4 d6 7. Qb3 Nh6 8. Bxh6 gxh6 9. Bxf7+ Kf8 10. Bh5 d5 11. exd5 Na5 12. Qb5 b6 13. Nxe5 Rg8 14. Qd3 Qd6 15. Qxh7 Qf6 16. Ng6+ Rxg6 17. Bxg6 Bb7 18. Qxh6+ Kg8 19. Bh7+ Kf7 20. Qxf6+ Bxf6 21. 0-0 Bxd5 22. Nd2 Rh8 23. Be4 Be6 24. f4 Bd7 25. Rae1 Bb5 26. Bd5+ Kg7 27. Rf3 c6 28. Be4 Bh4 29. g3 Be7 30. Bxc6 Nxc6 31. c4 Ba6 32. d5 Bc5+ 33. Kg2 Nb4 34. Re5 Nxa2 35. Ne4 Bd4 36. Re7+ Kf8 37. Rxa7 Bxc4 38. d6 Bg7 39. Re3 Nb4 40. Ra4 Nc2 41. Ra8+ Kf7 42. Ng5+ Kf6 43. Ree8 Bd5+ 44. Kg1 Bxa8 45. d7 1-0

[Event "Florianopolis op 8th"]
[Site "Florianopolis"]
[Date "2022.01.24"]
[Round "1"]
[White "Villalba, Marcelo"]
[Black "Sarda, Pedro Sada"]
[Result "1-0"]
[WhiteElo "2258"]
[BlackElo "1689"]
[PlyCount "45"]
[EventDate "2022.01.24"]
[EventType "swiss"]
[EventRounds "10"]
[EventCountry "BRA"]
[SourceTitle "CBM 206 Extra"]
[Source "ChessBase"]
[SourceDate "2022.03.31"]
[SourceVersion "1"]
[SourceVersionDate "2022.03.31"]
[SourceQuality "1"]

1. e4 c5 2. Nf3 Nc6 3. d4 cxd4 4. Nxd4 Nf6 5. Nc3 d6 6. Nb3 e6 7. Bd3 Be7 8. f4 a6 9. Qf3 Qc7 10. Bd2 Bd7 11. g4 Nb4 12. g5 Nxd3+ 13. cxd3 Ng8 14. 0-0-0 0-0-0 15. Kb1 Kb8 16. Rc1 Rc8 17. Nd5 Qd8 18. Ba5 Qf8 19. Rxc8+ Bxc8 20. Bc7+ Ka8 21. Nb6+ Ka7 22. Qe3 a5 23. Nxc8+ 1-0

[Event "Pan American-ch U1700"]
[Site "Timbo"]
[Date "2021.12.05"]
[Round "9"]
[White "Simas, Breno Matos"]
[Black "Sarda, Pedro Sada"]
[Result "1/2-1/2"]
[WhiteElo "1689"]
[BlackElo "1637"]
[PlyCount "55"]
[EventDate "2021.12.01"]
[EventType "swiss"]
[EventRounds "9"]
[EventCountry "BRA"]
[SourceTitle "CBM 205 Extra"]
[Source "ChessBase"]
[SourceDate "2022.01.31"]
[SourceVersion "1"]
[SourceVersionDate "2022.01.31"]
[SourceQuality "1"]

1. d4 Nf6 2. c4 e6 3. Nf3 d5 4. g3 h6 5. Bg2 Bd6 6. 0-0 0-0 7. Qc2 b6 8. Nbd2 Bb7 9. b3 c5 10. Bb2 Nbd7 11. Rac1 Rc8 12. Qb1 Rc7 13. e3 Qa8 14. Ne5 cxd4 15. exd4 Bb4 16. Bc3 Bxc3 17. Rxc3 dxc4 18. Bxb7 Qxb7 19. Rxc4 Rxc4 20. Ndxc4 Qd5 21. Nxd7 Qxd7 22. Qd3 Rd8 23. Rd1 Qd5 24. Ne5 Nd7 25. Nxd7 Rxd7 26. Rc1 g6 27. Qe3 Qxd4 28. Qxh6 1/2-1/2

[Event "Pan American-ch U1700"]
[Site "Timbo"]
[Date "2021.12.01"]
[Round "1"]
[White "Rodrigues Mota, Sophia Lorena"]
[Black "Sarda, Pedro Sada"]
[Result "0-1"]
[WhiteElo "1425"]
[BlackElo "1637"]
[PlyCount "88"]
[EventDate "2021.12.01"]
[EventType "swiss"]
[EventRounds "9"]
[EventCountry "BRA"]
[SourceTitle "CBM 205 Extra"]
[Source "ChessBase"]
[SourceDate "2022.01.31"]
[SourceVersion "1"]
[SourceVersionDate "2022.01.31"]
[SourceQuality "1"]

1. e4 e6 2. d4 c5 3. Nf3 cxd4 4. Nxd4 Nc6 5. Be3 Nf6 6. f3 d5 7. exd5 Nxd5 8. Bf2 Bd7 9. Bb5 Bc5 10. Qd2 Bxd4 11. Bxd4 Nxd4 12. Bxd7+ Qxd7 13. Qxd4 0-0 14. Nc3 Rfd8 15. 0-0-0 Qc6 16. Qh4 Rdc8 17. Rd3 b5 18. Qf2 Nf4 19. Rd2 b4 20. Ne4 Qa4 21. Kb1 Nd5 22. Rhd1 Rab8 23. Qd4 Qa5 24. Ka1 b3 25. cxb3 Rxb3 26. Nc3 Rb4 27. Qd3 Rbc4 28. Kb1 Nxc3+ 29. bxc3 g6 30. Rc2 Rxc3 31. Rxc3 Rxc3 32. Qd4 Rc8 33. Qb2 Qf5+ 34. Ka1 e5 35. Qb7 Qc2 36. Rb1 Qc3+ 37. Rb2 Rd8 38. Qb3 Qe1+ 39. Rb1 Qf2 40. Qb2 Qe3 41. Qb3 Rd3 42. Qb8+ Kg7 43. Qb2 Rd2 44. Qc1 Qd4+ 0-1

[Event "BRA-ch U14"]
[Site "Juiz de Fora"]
[Date "2021.10.11"]
[Round "5"]
[White "Lemos, Artur Andreaza"]
[Black "Sarda, Pedro Sada"]
[Result "0-1"]
[WhiteElo "1270"]
[BlackElo "1587"]
[PlyCount "38"]
[EventDate "2021.10.09"]
[EventType "swiss"]
[EventRounds "6"]
[EventCountry "BRA"]
[SourceTitle "EXT 2023"]
[Source "ChessBase"]
[SourceDate "2022.10.05"]
[SourceVersion "1"]
[SourceVersionDate "2022.10.05"]
[SourceQuality "1"]

1. e4 c5 2. Nf3 d6 3. d4 cxd4 4. Nxd4 Nf6 5. Nc3 g6 6. Be3 Bg7 7. f3 0-0 8. Qd2 Nc6 9. 0-0-0 d5 10. Nxc6 bxc6 11. exd5 Nxd5 12. Nxd5 cxd5 13. Qxd5 Qc7 14. Qd2 Be6 15. Kb1 Rab8 16. b3 Rfd8 17. Bd3 Qe5 18. c3 Rbc8 19. Rc1 Rxd3 0-1

[Event "BRA-ch U14"]
[Site "Juiz de Fora"]
[Date "2021.10.11"]
[Round "4"]
[White "Sarda, Pedro Sada"]
[Black "Kim, Thiago"]
[Result "0-1"]
[WhiteElo "1587"]
[BlackElo "1817"]
[PlyCount "86"]
[EventDate "2021.10.09"]
[EventType "swiss"]
[EventRounds "6"]
[EventCountry "BRA"]
[SourceTitle "EXT 2023"]
[Source "ChessBase"]
[SourceDate "2022.10.05"]
[SourceVersion "1"]
[SourceVersionDate "2022.10.05"]
[SourceQuality "1"]

1. d4 Nf6 2. c4 g6 3. Nc3 d5 4. e3 Bg7 5. Nf3 0-0 6. cxd5 Nxd5 7. Bc4 Nb6 8. Bb3 c5 9. 0-0 cxd4 10. exd4 Nc6 11. d5 Na5 12. Bg5 Re8 13. Re1 h6 14. Bf4 Bg4 15. h3 Bxf3 16. Qxf3 Nxb3 17. axb3 Bxc3 18. bxc3 Qxd5 19. Qg3 Qxb3 20. Bxh6 Nd5 21. Qe5 Nf6 22. Rab1 Qd5 23. Qg3 a5 24. Re5 Qd6 25. Rbb5 a4 26. Bf4 a3 27. Rg5 Ne4 28. Qg4 Qf6 29. Rbf5 Nxg5 30. Rxg5 a2 31. Be5 a1Q+ 32. Kh2 Qxe5+ 33. Rxe5 Qxc3 34. Re3 Qc7+ 35. f4 Ra4 36. Rf3 Rd8 37. h4 Qd7 38. Qg5 Rda8 39. Rg3 R8a5 40. Qh6 Qf5 41. Rg5 Qxf4+ 42. g3 Ra2+ 43. Kh3 Qf1+ 0-1

[Event "Pan American-ch Hybrid U14 31st"]
[Site "Tornelo INT"]
[Date "2021.09.04"]
[Round "5"]
[White "Guarniz Sandoval, Harold Oliver Paul"]
[Black "Sarda, Pedro Sada"]
[Result "1-0"]
[WhiteElo "1202"]
[BlackElo "1625"]
[PlyCount "130"]
[EventDate "2021.09.04"]
[EventType "swiss"]
[EventRounds "9"]
[EventCountry "NET"]
[SourceTitle "EXT 2023"]
[Source "ChessBase"]
[SourceDate "2022.10.05"]
[SourceVersion "1"]
[SourceVersionDate "2022.10.05"]
[SourceQuality "1"]

1. d4 d5 2. Bf4 Nf6 3. e3 c5 4. c3 Nc6 5. Nd2 Bf5 6. Qb3 Qd7 7. Bb5 c4 8. Qa4 a6 9. Ngf3 Rc8 10. Bxc6 Qxc6 11. Qxc6+ Rxc6 12. 0-0 e6 13. h3 h6 14. Ne5 Rb6 15. b3 Ba3 16. Ndxc4 dxc4 17. Nxc4 Rc6 18. Nxa3 Rxc3 19. Rfc1 Nd5 20. Bd6 Kd7 21. Nc4 b5 22. Ne5+ Kxd6 23. Nxf7+ Ke7 24. Nxh8 Kf8 25. f3 Bh7 26. e4 Nf4 27. Rxc3 Ne2+ 28. Kf2 Nxc3 29. Rc1 b4 30. a3 a5 31. axb4 axb4 32. Ra1 Nb5 33. Ke3 g5 34. Ra5 Nd6 35. Ra6 Nb5 36. Rb6 Na3 37. Rb7 Kg8 38. Nf7 Nc2+ 39. Kd3 Ne1+ 40. Kd2 Nxg2 41. Nxh6+ Kh8 42. Nf7+ Kg8 43. Nxg5 Bg6 44. Nxe6 Bf7 45. Rb8+ Kh7 46. Ng5+ Kg6 47. Nxf7 Kxf7 48. Rxb4 Nf4 49. Ke3 Nxh3 50. Rb5 Kg6 51. Rf5 Ng5 52. Rxg5+ Kxg5 53. b4 Kf6 54. b5 Ke6 55. f4 Kd6 56. f5 Ke7 57. e5 Kd7 58. Ke4 Ke7 59. Kd5 Kd7 60. b6 Ke7 61. b7 Kd7 62. b8Q Ke7 63. Qc7+ Kf8 64. Ke6 Kg8 65. Kf6 Kh8 1-0

[Event "Santa Catarina State-ch 65th"]
[Site "Rio Negrinho"]
[Date "2021.07.25"]
[Round "7"]
[White "Sarda, Pedro Sada"]
[Black "Centeno, Daniel de Medeiros"]
[Result "1-0"]
[WhiteElo "1603"]
[BlackElo "1293"]
[PlyCount "61"]
[EventDate "2021.07.22"]
[EventType "swiss"]
[EventRounds "7"]
[EventCountry "BRA"]
[SourceTitle "EXT 2022"]
[Source "ChessBase"]
[SourceDate "2021.10.06"]
[SourceVersion "1"]
[SourceVersionDate "2021.10.06"]
[SourceQuality "1"]

1. d4 d5 2. Nf3 Nf6 3. c4 e6 4. e3 Be7 5. b3 Nbd7 6. Bd3 0-0 7. 0-0 c5 8. Bb2 Nb6 9. Nbd2 Bd7 10. Rc1 Rc8 11. Qe2 Bd6 12. Ne5 Qe7 13. f4 dxc4 14. bxc4 Bc6 15. Nxc6 Rxc6 16. e4 Bb8 17. e5 Nfd7 18. d5 exd5 19. cxd5 Nxd5 20. Qe4 f5 21. Qxd5+ Kh8 22. Nf3 Nb6 23. Qb3 Qc7 24. Qc2 Nd5 25. Rce1 Nxf4 26. Bxf5 h6 27. Nh4 Re8 28. Rxf4 Qb6 29. Ng6+ Kg8 30. Qc4+ Kh7 31. Ne7+ 1-0

[Event "Santa Catarina State-ch 65th"]
[Site "Rio Negrinho"]
[Date "2021.07.25"]
[Round "6"]
[White "Zimmermann, Kleber Renato P"]
[Black "Sarda, Pedro Sada"]
[Result "1-0"]
[WhiteElo "1941"]
[BlackElo "1603"]
[PlyCount "164"]
[EventDate "2021.07.22"]
[EventType "swiss"]
[EventRounds "7"]
[EventCountry "BRA"]
[SourceTitle "EXT 2022"]
[Source "ChessBase"]
[SourceDate "2021.10.06"]
[SourceVersion "1"]
[SourceVersionDate "2021.10.06"]
[SourceQuality "1"]

1. d4 Nf6 2. c4 g6 3. Nc3 Bg7 4. e4 d6 5. f3 0-0 6. Bg5 c6 7. Qd2 e5 8. d5 Qc7 9. Bd3 cxd5 10. cxd5 a6 11. Nge2 Nbd7 12. 0-0 Nc5 13. Rfc1 Bd7 14. Nd1 Qb8 15. Bc2 a5 16. Be3 Rc8 17. b4 axb4 18. Qxb4 b5 19. Nb2 Be8 20. Bb3 Nfd7 21. Rcb1 Nb6 22. Bc2 Bf8 23. Qd2 Qc7 24. Bd3 Nc4 25. Bxc4 bxc4 26. Nxc4 Nxe4 27. fxe4 Qxc4 28. Ng3 Qc2 29. Rb2 Qxd2 30. Bxd2 Rc4 31. Rc1 Rca4 32. Rcc2 Be7 33. Bb4 Rb8 34. a3 Ra6 35. Rc3 Bd8 36. Rbc2 Bd7 37. h3 Kf8 38. Rc6 Rbb6 39. Bxd6+ Ke8 40. Rxb6 Bxb6+ 41. Kh2 Bg1+ 42. Kxg1 Rxd6 43. Kf2 Ra6 44. Rc3 Ke7 45. Kf3 Kd6 46. Nf1 f5 47. Ne3 fxe4+ 48. Kxe4 Bb5 49. Nc4+ Bxc4 50. Rxc4 Rxa3 51. Rc6+ Kd7 52. Kxe5 Re3+ 53. Kf4 Rd3 54. Rc5 Kd6 55. Ra5 Rd4+ 56. Kg5 Rd2 57. g4 Rd3 58. h4 Rd4 59. h5 Ke7 60. Ra7+ Ke8 61. Rxh7 gxh5 62. Rxh5 Rxd5+ 63. Kh6 Rd6+ 64. Kg7 Rd7+ 65. Kf6 Rd6+ 66. Kg7 Rd7+ 67. Kg8 Re7 68. Rf5 Re4 69. g5 Ke7 70. g6 Re1 71. g7 Re2 72. Ra5 Re1 73. Ra7+ Ke8 74. Ra8+ Ke7 75. Rf8 Rh1 76. Rf4 Ra1 77. Rh4 Kf6 78. Kh7 Ra7 79. Rf4+ Kg5 80. Rf1 Rb7 81. Kh8 Rxg7 82. Kxg7 Kg4 1-0

[Event "Timbo op"]
[Site "Timbo"]
[Date "2021.06.13"]
[Round "5"]
[White "Deus Filho, Joaquim"]
[Black "Sarda, Pedro Sada"]
[Result "1-0"]
[WhiteElo "1920"]
[BlackElo "1596"]
[PlyCount "55"]
[EventDate "2021.06.11"]
[EventType "swiss"]
[EventRounds "6"]
[EventCountry "BRA"]
[SourceTitle "EXT 2022"]
[Source "ChessBase"]
[SourceDate "2021.10.06"]
[SourceVersion "1"]
[SourceVersionDate "2021.10.06"]
[SourceQuality "1"]

1. e4 c5 2. Nc3 e6 3. f4 Nc6 4. Nf3 Nge7 5. Bb5 g6 6. 0-0 Bg7 7. d3 0-0 8. Qe1 b6 9. f5 Nb4 10. Qh4 exf5 11. Bc4 d5 12. exd5 Nbxd5 13. Bg5 f6 14. Bh6 Kh8 15. Bxg7+ Kxg7 16. Rae1 Nxc3 17. bxc3 Nc6 18. Re2 Bb7 19. Rfe1 Qd7 20. Be6 Qd6 21. Bb3 Rad8 22. Ba4 Rf7 23. Re6 Qc7 24. Nd2 a6 25. Bb3 g5 26. Qh3 Qf4 27. R6e3 Rff8 28. Re7+ 1-0

[Event "Sao Bento do Sul op 05"]
[Site "Sao Bento do Sul"]
[Date "2021.05.09"]
[Round "6"]
[White "Sarda, Pedro Sada"]
[Black "Da Costa, Evelyn Maria Fuck"]
[Result "1-0"]
[WhiteElo "1594"]
[BlackElo "1126"]
[PlyCount "87"]
[EventDate "2021.05.07"]
[EventType "swiss"]
[EventRounds "6"]
[EventCountry "BRA"]
[SourceTitle "EXT 2022"]
[Source "ChessBase"]
[SourceDate "2021.10.06"]
[SourceVersion "1"]
[SourceVersionDate "2021.10.06"]
[SourceQuality "1"]

1. d4 Nf6 2. c4 c5 3. e3 g6 4. Nf3 cxd4 5. exd4 Bg7 6. Nc3 d6 7. Bd3 Nbd7 8. 0-0 0-0 9. Bg5 b6 10. Re1 Bb7 11. d5 Nc5 12. Bc2 Ba6 13. Qe2 Re8 14. Rac1 e6 15. b4 Ncd7 16. Qd3 Qc7 17. Bb3 Rac8 18. dxe6 Rxe6 19. Nd5 Nxd5 20. Qxd5 Rxe1+ 21. Nxe1 Ne5 22. Bf4 Bxc4 23. Bxc4 Nxc4 24. Nf3 Qc6 25. Qd3 d5 26. Ne5 Bxe5 27. Bxe5 Qe6 28. Bc3 Ne5 29. Qd4 f6 30. Rd1 Rc4 31. Qe3 Re4 32. Qg3 Qg4 33. Qxg4 Rxg4 34. Rxd5 Rc4 35. Bd2 Rc2 36. f3 Rxa2 37. Bc3 Ra4 38. Rd6 Kf7 39. f4 Ra3 40. Bd4 Nd3 41. Rxf6+ Kg7 42. Rxb6+ Kh6 43. Rb7 Ra4 44. g4 1-0

[Event "Timbo op"]
[Site "Timbo"]
[Date "2021.02.20"]
[Round "4"]
[White "Nunes, Agatha Hurba"]
[Black "Sarda, Pedro Sada"]
[Result "1-0"]
[WhiteElo "1776"]
[BlackElo "1581"]
[PlyCount "93"]
[EventDate "2021.02.19"]
[EventType "swiss"]
[EventRounds "6"]
[EventCountry "BRA"]
[SourceTitle "EXT 2022"]
[Source "ChessBase"]
[SourceDate "2021.10.06"]
[SourceVersion "1"]
[SourceVersionDate "2021.10.06"]
[SourceQuality "1"]

1. d4 Nf6 2. c4 g6 3. Nc3 Bg7 4. Bf4 0-0 5. e3 d6 6. h3 Nbd7 7. Nf3 c6 8. Be2 Re8 9. 0-0 e5 10. dxe5 dxe5 11. Nxe5 Qe7 12. Nxd7 Bxd7 13. Bd6 Qe6 14. c5 Rad8 15. Qc2 Nd5 16. Nxd5 Qxd5 17. Bc4 Qg5 18. Bf4 Qf6 19. Qb3 Bc8 20. Rad1 Rf8 21. Rxd8 Rxd8 22. Rd1 Rxd1+ 23. Qxd1 Bf8 24. Qd4 Bg7 25. Qd2 h5 26. b3 Bf5 27. Qd6 Qxd6 28. Bxd6 Bf8 29. Bxf8 Kxf8 30. b4 b6 31. cxb6 axb6 32. f3 Ke7 33. Kf2 h4 34. a4 f6 35. e4 Bc8 36. Ke3 Kd6 37. a5 bxa5 38. bxa5 Kc5 39. Be2 Kd6 40. f4 g5 41. e5+ Ke7 42. fxg5 fxg5 43. Kd4 Kd8 44. Kc5 Kc7 45. Bg4 Ba6 46. e6 Bd3 47. Bh5 1-0

[Event "Timbo op"]
[Site "Timbo"]
[Date "2021.02.20"]
[Round "3"]
[White "Sarda, Pedro Sada"]
[Black "Valim, Luiz Claudio"]
[Result "1/2-1/2"]
[WhiteElo "1581"]
[BlackElo "1972"]
[PlyCount "58"]
[EventDate "2021.02.19"]
[EventType "swiss"]
[EventRounds "6"]
[EventCountry "BRA"]
[SourceTitle "EXT 2022"]
[Source "ChessBase"]
[SourceDate "2021.10.06"]
[SourceVersion "1"]
[SourceVersionDate "2021.10.06"]
[SourceQuality "1"]

1. d4 Nf6 2. c4 e6 3. Nf3 d5 4. e3 Be7 5. Nbd2 0-0 6. b3 Nbd7 7. Bb2 b6 8. Bd3 c5 9. 0-0 Ba6 10. Qe2 cxd4 11. exd4 Rc8 12. Rfe1 Bb7 13. Rac1 Rc7 14. Ne5 Qa8 15. Ndf3 Ne4 16. Nxd7 Rxd7 17. Ne5 Rc7 18. f3 Nf6 19. Qf2 Rfc8 20. Qh4 h6 21. Ng4 Nxg4 22. Qxg4 Bf6 23. Rcd1 Ba6 24. Bc1 Kh8 25. Qh5 Bxd4+ 26. Kh1 Bc3 27. Bxh6 gxh6 28. Qxh6+ Kg8 29. Bh7+ Kh8 1/2-1/2

[Event "Timbo op"]
[Site "Timbo"]
[Date "2021.02.19"]
[Round "1"]
[White "Sarda, Pedro Sada"]
[Black "Rodrigues, Edgar"]
[Result "1/2-1/2"]
[WhiteElo "1581"]
[BlackElo "2348"]
[PlyCount "98"]
[EventDate "2021.02.19"]
[EventType "swiss"]
[EventRounds "6"]
[EventCountry "BRA"]
[SourceTitle "EXT 2022"]
[Source "ChessBase"]
[SourceDate "2021.10.06"]
[SourceVersion "1"]
[SourceVersionDate "2021.10.06"]
[SourceQuality "1"]

1. d4 Nf6 2. c4 c5 3. e3 g6 4. Nf3 Bg7 5. Bd3 0-0 6. 0-0 cxd4 7. exd4 d5 8. Nc3 Nc6 9. h3 Nb4 10. Be2 dxc4 11. Bxc4 Nbd5 12. Re1 Nxc3 13. bxc3 Qc7 14. Qb3 e6 15. Bd2 b6 16. Ne5 Bb7 17. Qc2 Rac8 18. Rac1 Ne4 19. Rxe4 Bxe4 20. Qxe4 Bxe5 21. Ba6 Rcd8 22. Bg5 Bh2+ 23. Kh1 Rd5 24. Bh6 Bd6 25. Bxf8 Bxf8 26. Be2 Bg7 27. Rc2 Bf6 28. Bf3 Kg7 29. Qe2 Ra5 30. Qd2 Qc4 31. Qe2 Qa4 32. Kg1 Qa3 33. Qd2 Rb5 34. g3 Bg5 35. Qe2 Rb1+ 36. Kg2 Bf6 37. Qd2 b5 38. h4 h5 39. d5 exd5 40. Bxd5 Qe7 41. Rc1 Rxc1 42. Qxc1 Qe2 43. Qa3 Qe5 44. Qc5 Be7 45. Qxb5 Qxc3 46. Qb7 Qc5 47. Qc6 Qd4 48. Qc4 Qf6 49. Qe4 Bc5 1/2-1/2

[Event "Santa Catarina-ch 64th "]
[Site "Lages"]
[Date "2020.02.15"]
[Round "4"]
[White "Sarda, Pedro Sada"]
[Black "Moyses Sobrinho, Elias"]
[Result "0-1"]
[WhiteElo "1568"]
[BlackElo "1879"]
[PlyCount "140"]
[EventDate "2020.02.14"]
[EventType "swiss"]
[EventRounds "6"]
[EventCountry "BRA"]
[SourceTitle "CBM 195 Extra"]
[Source "ChessBase"]
[SourceDate "2020.05.31"]
[SourceVersion "1"]
[SourceVersionDate "2020.05.31"]
[SourceQuality "1"]

1. d4 Nf6 2. c4 c5 3. Nf3 cxd4 4. Nxd4 g6 5. g3 Bg7 6. Bg2 0-0 7. 0-0 Nc6 8. Nc3 Qb6 9. Nb3 d6 10. Be3 Qd8 11. Rc1 Ng4 12. Bd2 Nge5 13. Nd5 Bg4 14. h3 Be6 15. f4 Nd7 16. Bc3 Bxc3 17. Rxc3 Nb6 18. e4 Na4 19. Rc2 Bxd5 20. exd5 Nb4 21. Rcf2 Rc8 22. Nd4 Nc5 23. a3 Nba6 24. Kh2 Nd7 25. b3 Nf6 26. f5 Nc5 27. Qe2 Ncd7 28. fxg6 hxg6 29. Re1 Ne5 30. Nf3 Nfd7 31. Ng5 Nf6 32. Ne4 Nxe4 33. Qxe4 Kg7 34. Qd4 Rh8 35. Rxe5 dxe5 36. Qxe5+ f6 37. Qe3 b6 38. Re2 Rc7 39. a4 Qd6 40. Qc3 Rf8 41. Re6 Qc5 42. Qe3 Qxe3 43. Rxe3 Kf7 44. Bf1 a5 45. Re6 Rb8 46. Kg2 Rd7 47. Kf2 Rd6 48. Re1 e5 49. dxe6+ Rxe6 50. Rd1 Ke7 51. h4 Rd8 52. Rxd8 Kxd8 53. Bd3 f5 54. Be2 Ke7 55. Bf3 Kd6 56. g4 f4 57. h5 gxh5 58. gxh5 Ke7 59. Bd1 Kf6 60. Kf3 Kg5 61. Kf2 Re3 62. Kf1 Rh3 63. Kg2 Rd3 64. Bf3 Rxb3 65. Bc6 Kxh5 66. Kf2 Kg5 67. Bd7 Kf6 68. Ke2 Ke5 69. Kf2 Kd4 70. Be6 Ra3 0-1

[Event "South America-ch U12 16th"]
[Site "Buenos Aires"]
[Date "2019.12.04"]
[Round "5.6"]
[White "Sarda, Pedro Sada"]
[Black "Cahuapaza Tarapaca, Leonardo"]
[Result "1-0"]
[WhiteElo "1488"]
[BlackElo "1453"]
[PlyCount "135"]
[EventDate "2019.12.01"]
[EventType "swiss"]
[EventRounds "9"]
[EventCountry "ARG"]
[SourceTitle "EXT 2024"]
[Source "ChessBase"]
[SourceDate "2023.10.10"]
[SourceVersion "1"]
[SourceVersionDate "2023.10.10"]
[SourceQuality "1"]

1. e4 c5 2. Nf3 Nc6 3. Bb5 g6 4. 0-0 Bg7 5. Bxc6 bxc6 6. c3 d5 7. d3 Rb8 8. Qc2 Qc7 9. Nbd2 Ba6 10. Re1 e6 11. c4 Ne7 12. Nb3 Qb6 13. Be3 d4 14. Bf4 Rd8 15. Bd2 Rb8 16. Ba5 Qb7 17. Nxc5 Qc8 18. Bd2 e5 19. Rab1 h5 20. b4 h4 21. h3 f6 22. Nxa6 Qxa6 23. a4 Qc8 24. b5 g5 25. Nh2 Kf7 26. bxc6 Qxc6 27. a5 Ng6 28. Rxb8 Rxb8 29. Rb1 Rxb1+ 30. Qxb1 Bf8 31. Qb5 Qxb5 32. cxb5 Bc5 33. b6 axb6 34. Bb4 Ne7 35. a6 Nc6 36. Bxc5 bxc5 37. Kf1 Ke6 38. Ke2 f5 39. Nf3 Kf6 40. Nd2 g4 41. exf5 gxh3 42. gxh3 Kxf5 43. Kf3 Ke6 44. Ke4 Kf6 45. Nc4 Na7 46. Nxe5 Nb5 47. Nc6 Nc7 48. a7 Ke6 49. Na5 Kf6 50. Nb3 Ke6 51. Nxc5+ Kd6 52. Na6 Na8 53. Kxd4 Kc6 54. f4 Kb6 55. Nb4 Kxa7 56. f5 Nc7 57. Ke5 Ne8 58. f6 Kb6 59. f7 Nf6 60. Kxf6 Kc5 61. f8Q+ Kd4 62. Qd6+ Kc3 63. Nd5+ Kd4 64. Qe5+ Kc5 65. Ne3+ Kb4 66. Qc7 Kb5 67. Qc4+ Ka5 68. Qb3 1-0

[Event "BRA-ch Amateur U2000"]
[Site "Sao Paulo"]
[Date "2019.06.23"]
[Round "7"]
[White "Vieira, Alexandre Letizio"]
[Black "Sarda, Pedro Sada"]
[Result "1-0"]
[WhiteElo "1747"]
[BlackElo "1492"]
[PlyCount "117"]
[EventDate "2019.06.20"]
[EventType "swiss"]
[EventRounds "7"]
[EventCountry "BRA"]
[SourceTitle "EXT 2020"]
[Source "ChessBase"]
[SourceDate "2019.10.17"]
[SourceVersion "1"]
[SourceVersionDate "2019.10.17"]
[SourceQuality "1"]

1. f4 d5 2. Nf3 g6 3. g3 Bg7 4. Bg2 c5 5. 0-0 Nc6 6. d3 Nf6 7. c3 0-0 8. Na3 Re8 9. Nh4 e5 10. f5 e4 11. fxg6 hxg6 12. Bg5 Qd6 13. Nb5 Qe7 14. dxe4 dxe4 15. Qd6 Qxd6 16. Nxd6 Re6 17. Nxc8 Rxc8 18. Bh3 Rce8 19. Bxe6 Rxe6 20. Rad1 Ng4 21. Rd7 Nge5 22. Rxb7 Rd6 23. Be3 Nd7 24. Ng2 f5 25. Bf4 Nde5 26. h4 Rd8 27. Bg5 Rd5 28. Nf4 Rd6 29. h5 Nf7 30. Be7 Nxe7 31. Rxe7 g5 32. Ne6 Bf6 33. Re8+ Kh7 34. Rxf5 Rd1+ 35. Kg2 Nd6 36. Rxf6 Nxe8 37. Rf8 Nd6 38. Nxg5+ Kh6 39. Ne6 Kxh5 40. Nxc5 Rb1 41. Rd8 Nf5 42. Nxe4 Rxb2 43. Kf3 Ne7 44. Rd7 Nc6 45. g4+ Kg6 46. Rd6+ Kf7 47. Rxc6 Rxa2 48. g5 a5 49. Ra6 a4 50. c4 Ra1 51. c5 a3 52. g6+ Kg7 53. Nc3 Rc1 54. Rxa3 Kxg6 55. c6 Rf1+ 56. Ke4 Rf6 57. c7 Rc6 58. Nd5 Re6+ 59. Kd4 1-0